| 000 | 00468nam a22001817a 4500 | ||
|---|---|---|---|
| 003 | MPLRDC | ||
| 005 | 20220104123741.0 | ||
| 008 | 210129b ||||| |||| 00| 0 eng d | ||
| 082 | _a414.8 HNZY | ||
| 100 | _a河南中医学院编 | ||
| 245 |
_a治法与方剂 _c |
||
| 250 | _a一版一刷 | ||
| 260 |
_a _b人民卫生出版社 _c1977 |
||
| 300 | _b平 | ||
| 490 | _a赤脚医生和初学中医人员参考丛书 | ||
| 650 | _a医话 | ||
| 942 |
_cBK _o414.8 HNZY |
||
| 999 |
_c13901 _d13891 |
||